Modern real estate /
This book is divided into nine parts: The analytical framework; The legal environment; Valuation and the appraisal process; Marketing, Brokerage, and Management; Taxation; Investment analysis; Real Estate Development; and Public policy and Prospects for the Future.
Đã lưu trong:
| Tác giả chính: | |
|---|---|
| Tác giả khác: | , |
| Định dạng: | Sách |
| Ngôn ngữ: | English |
| Được phát hành: |
New York :
John Wiley & Sons,
1994.
|
| Phiên bản: | 5th ed. |
| Những chủ đề: | |
| Các nhãn: |
Thêm thẻ
Không có thẻ, Là người đầu tiên thẻ bản ghi này!
|
| Thư viện lưu trữ: | Mạng thư viện Đại học Đà Nẵng |
|---|
| LEADER | 01328cam a2200397 i 4500 | ||
|---|---|---|---|
| 001 | 000047405 | ||
| 003 | 7076 | ||
| 005 | 20030311091613.0 | ||
| 008 | 010316|1994 vm 000 eng | ||
| 020 | |a 0471309516 | ||
| 040 | |a IRC |c IRC |d IRC | ||
| 041 | 0 | |a eng | |
| 082 | 1 | 4 | |a 333.330973 |b WU-C |
| 100 | 1 | |a Wurtzebach, Charles H. | |
| 245 | 0 | 0 | |a Modern real estate / |c Charles H. Wurtzebach, Mike E. Miles, Susanne Ethridge Cannon. |
| 250 | |a 5th ed. | ||
| 260 | |a New York : |b John Wiley & Sons, |c 1994. | ||
| 300 | |a xxxii, 781, [60] p. : |b ill. ; |c 23cm. | ||
| 520 | 3 | |a This book is divided into nine parts: The analytical framework; The legal environment; Valuation and the appraisal process; Marketing, Brokerage, and Management; Taxation; Investment analysis; Real Estate Development; and Public policy and Prospects for the Future. | |
| 630 | 0 | 4 | |a Economics. |
| 630 | 0 | 4 | |a Business. |
| 630 | 0 | 4 | |a United States. |
| 650 | 0 | 4 | |a Real estate business. |
| 650 | 0 | 4 | |a Real estate business |z United States. |
| 700 | 1 | |a Miles, Mike E. | |
| 700 | 1 | |a Cannon, Susanne Ethridge. | |
| OWN | |a DUT | ||
| 999 | |a From the UDN01 | ||
| TYP | |a Monograph | ||
| TYP | |a Printed language | ||
| 980 | |a Mạng thư viện Đại học Đà Nẵng | ||


